[Event "Dortmund Sparkassen op-B 47th"]
[Site "Dortmund"]
[Date "2019.07.21"]
[Round "9"]
[White "Sakowski, Christian"]
[Black "Kirzhner, Alexander"]
[Result "1-0"]
[WhiteElo "1692"]
[BlackElo "1566"]
[PlyCount "85"]
[EventDate "2019.07.13"]
[EventType "swiss"]
[EventRounds "9"]
[EventCountry "GER"]
[SourceTitle "CBM 192 Extra"]
[Source "Chessbase"]
[SourceDate "2019.11.06"]
[SourceVersion "1"]
[SourceVersionDate "2019.11.06"]
[SourceQuality "1"]

1. Nf3 Nf6 2. d4 g6 3. g3 Bg7 4. Bg2 0-0 5. 0-0 d6 6. c3 Nc6 7. Re1 e5 8. dxe5 dxe5 9. Bg5 h6 10. Bxf6 Qxd1 11. Rxd1 Bxf6 12. e4 Be6 13. Nbd2 Be7 14. Bf1 f5 15. Bc4 Kf7 16. exf5 gxf5 17. Bxe6+ Kxe6 18. Nb3 Rad8 19. Kf1 Rd6 20. Nc5+ Kf6 21. Rxd6+ cxd6 22. Nd7+ Ke6 23. Nxf8+ Bxf8 24. Rd1 d5 25. Ke2 b5 26. Ne1 a5 27. Nc2 Be7 28. a4 b4 29. cxb4 Nxb4 30. Nxb4 Bxb4 31. Rc1 d4 32. f3 Kd5 33. b3 e4 34. fxe4+ fxe4 35. Rc4 d3+ 36. Ke3 Bc5+ 37. Kd2 Bb4+ 38. Rxb4 axb4 39. Ke3 d2 40. Kxd2 Kd4 41. a5 e3+ 42. Ke2 Kc3 43. a6 1-0

[Event "Dortmund Sparkassen op-B 47th"]
[Site "Dortmund"]
[Date "2019.07.17"]
[Round "5"]
[White "Westermann, Walter"]
[Black "Kirzhner, Alexander"]
[Result "0-1"]
[WhiteElo "1678"]
[BlackElo "1566"]
[PlyCount "134"]
[EventDate "2019.07.13"]
[EventType "swiss"]
[EventRounds "9"]
[EventCountry "GER"]
[SourceTitle "CBM 192 Extra"]
[Source "Chessbase"]
[SourceDate "2019.11.06"]
[SourceVersion "1"]
[SourceVersionDate "2019.11.06"]
[SourceQuality "1"]

1. e4 c5 2. c3 d6 3. d4 Nf6 4. Bd3 g6 5. h3 Bg7 6. Nf3 0-0 7. 0-0 a6 8. a4 Nfd7 9. Bg5 h6 10. Be3 Nc6 11. Qd2 Kh7 12. Na3 Rb8 13. Rab1 e5 14. d5 Ne7 15. b4 f5 16. bxc5 f4 17. cxd6 Ng8 18. Nc4 fxe3 19. Qxe3 b6 20. Rb2 Nc5 21. Nfxe5 Bxe5 22. Nxe5 Qxd6 23. Nc6 Rb7 24. Qd4 Ne7 25. e5 Nxc6 26. dxc6 Qxc6 27. Rfb1 Rd7 28. Qh4 Nxa4 29. Be4 Qc5 30. Qh5 Nxb2 31. Qxg6+ Kh8 32. Rxb2 Rg7 33. Qxh6+ Kg8 34. e6 Qg5 35. Qxg5 Rxg5 36. Rxb6 Re8 37. Rb8 Rc5 38. Bb7 Kf8 39. e7+ Kxe7 40. Bf3 Rb5 41. Ra8 Kd6 42. Bg4 Kc7 43. Bxc8 Rxc8 44. Rxa6 Kd7 45. Ra7+ Kd6 46. Ra3 Rb1+ 47. Kh2 Rb2 48. Ra6+ Kd5 49. Ra5+ Ke4 50. Ra4+ Kd3 51. Rf4 Kxc3 52. g4 Kd3 53. Kg3 Rb1 54. Rf5 Ke4 55. f3+ Ke3 56. Re5+ Kd4 57. Rf5 Rcc1 58. Rf4+ Ke5 59. Rf5+ Ke6 60. h4 Rg1+ 61. Kf4 Rb4+ 62. Kg5 Ra1 63. h5 Ra8 64. h6 Rg8+ 65. Kh5 Rb2 66. Re5+ Kxe5 67. g5 Kf5 0-1

[Event "Dortmund Sparkassen op-B 47th"]
[Site "Dortmund"]
[Date "2019.07.14"]
[Round "2"]
[White "Kirzhner, Alexander"]
[Black "Titgemeyer, Eva Maria"]
[Result "1/2-1/2"]
[WhiteElo "1566"]
[BlackElo "1713"]
[PlyCount "81"]
[EventDate "2019.07.13"]
[EventType "swiss"]
[EventRounds "9"]
[EventCountry "GER"]
[SourceTitle "CBM 192 Extra"]
[Source "Chessbase"]
[SourceDate "2019.11.06"]
[SourceVersion "1"]
[SourceVersionDate "2019.11.06"]
[SourceQuality "1"]

1. e4 e5 2. Nf3 Nc6 3. Bb5 a6 4. Ba4 Nf6 5. 0-0 Be7 6. Re1 b5 7. Bb3 0-0 8. h3 d6 9. c3 Bb7 10. d4 exd4 11. cxd4 Re8 12. Nbd2 h6 13. Nf1 Bf8 14. Ng3 a5 15. a4 b4 16. Bf4 Nd7 17. Rc1 Na7 18. Nf5 Rxe4 19. Rxe4 Bxe4 20. Ng3 Bb7 21. Qc2 Rc8 22. Qc4 d5 23. Qd3 c5 24. Bc2 g6 25. Qd2 Kh7 26. dxc5 Bxc5 27. Bxh6 Nf6 28. Bg5 Qb6 29. Ne5 Qe6 30. Bxf6 Qxf6 31. Nd7 Qd6 32. Nxc5 Rxc5 33. Qd4 Kg8 34. Qd2 Qc7 35. Ne2 Nc6 36. Bb3 Rxc1+ 37. Qxc1 Qe5 38. Qd2 Ne7 39. Nd4 Ba6 40. Nf3 Qe4 41. Ng5 1/2-1/2

[Event "Dortmund Sparkassen op-B 47th"]
[Site "Dortmund"]
[Date "2019.07.13"]
[Round "1"]
[White "Papadopoulos, Antonios"]
[Black "Kirzhner, Alexander"]
[Result "1-0"]
[WhiteElo "1784"]
[BlackElo "1566"]
[PlyCount "95"]
[EventDate "2019.07.13"]
[EventType "swiss"]
[EventRounds "9"]
[EventCountry "GER"]
[SourceTitle "CBM 192 Extra"]
[Source "Chessbase"]
[SourceDate "2019.11.06"]
[SourceVersion "1"]
[SourceVersionDate "2019.11.06"]
[SourceQuality "1"]

1. Nf3 Nf6 2. d4 g6 3. g3 Bg7 4. Bg2 0-0 5. 0-0 d6 6. c4 Nc6 7. Nc3 a6 8. e4 Bg4 9. h3 Bxf3 10. Bxf3 Rb8 11. Be3 b5 12. cxb5 axb5 13. e5 Nxe5 14. dxe5 dxe5 15. Qxd8 Rfxd8 16. Rfd1 b4 17. Nd5 Nxd5 18. Bxd5 Kf8 19. Rac1 e6 20. Bc5+ Kg8 21. Bc6 Bh6 22. Be3 Bxe3 23. fxe3 Rd6 24. Rxd6 cxd6 25. Re1 d5 26. Kf2 Kf8 27. Ke2 Rc8 28. Rc1 Ke7 29. Kd2 Kd6 30. Bb5 Ra8 31. Rc6+ Ke7 32. Ra6 Rc8 33. Ra4 b3 34. axb3 Rb8 35. Ra7+ Kf6 36. Ba4 Rb4 37. Rc7 h5 38. Rc3 Kf5 39. Kd3 e4+ 40. Ke2 Ke5 41. Rc5 Kd6 42. Rb5 Rxb5 43. Bxb5 Kc5 44. Be8 f5 45. Bxg6 Kb4 46. Bxh5 Kxb3 47. Bf7 Kxb2 48. Bxe6 1-0